Pagtataya ng mga Pag-aaral sa mga Kontekstwalisado at Lokalisadong Materyal sa Filipino: Basehan sa Pagbuo ng Pagpapayamang Gawain (Record no. 85971)

MARC details
000 -LEADER
fixed length control field 00932nam a22002537a 4500
003 - CONTROL NUMBER IDENTIFIER
control field URS
005 - DATE AND TIME OF LATEST TRANSACTION
control field 20251022133319.0
008 - FIXED-LENGTH DATA ELEMENTS--GENERAL INFORMATION
fixed length control field 250908b ||||| |||| 00| 0 eng d
040 ## - CATALOGING SOURCE
Transcribing agency URS
043 ## - GEOGRAPHIC AREA CODE
Geographic area code URS
050 ## - LIBRARY OF CONGRESS CALL NUMBER
Classification number TPL6051
Item number .C637 2024
100 ## - MAIN ENTRY--PERSONAL NAME
Personal name Contiga, Marvin C.
245 ## - TITLE STATEMENT
Title Pagtataya ng mga Pag-aaral sa mga Kontekstwalisado at Lokalisadong Materyal sa Filipino: Basehan sa Pagbuo ng Pagpapayamang Gawain
260 ## - PUBLICATION, DISTRIBUTION, ETC.
Date of publication, distribution, etc. June 2024
300 ## - PHYSICAL DESCRIPTION
Extent 108 leaves :
Other physical details illustrations ;
Dimensions 28 cm.
336 ## - CONTENT TYPE
Source rdacontent
Content type term text
337 ## - MEDIA TYPE
Source rdamedia
Media type term unmediated
338 ## - CARRIER TYPE
Source rdacarrier
Carrier type term volume
502 ## - DISSERTATION NOTE
Dissertation note Thesis
Degree type Master of Arts in Teaching Major in Filipino
Name of granting institution University of Rizal System-Morong
Year degree granted 2024
650 #0 - SUBJECT ADDED ENTRY--TOPICAL TERM
Topical term or geographic name entry element Filipino language--Study and teaching.
700 ## - ADDED ENTRY--PERSONAL NAME
Personal name Bias, Arnel P.
Relator term degree supervisor
856 ## - ELECTRONIC LOCATION AND ACCESS
Materials specified Online Request for Student Unpublished Works
Uniform Resource Identifier <a href="https://forms.gle/7LqvGGkaDrUQqz429">https://forms.gle/7LqvGGkaDrUQqz429</a>
942 ## - ADDED ENTRY ELEMENTS (KOHA)
Source of classification or shelving scheme Library of Congress Classification
Koha item type Theses and dissertations
Holdings
Withdrawn status Source of classification or shelving scheme Damaged status Not for loan Collection code Home library Current library Date acquired Total Checkouts Full call number Barcode Date last seen Price effective from Koha item type
  Library of Congress Classification     Reference Morong Graduate Library Morong Graduate Library 09/08/2025   TPL6051 .C637 2024 URSMOR-GL-00803 09/08/2025 09/08/2025 Theses and dissertations

University of Rizal System
Email us at univlibservices@urs.edu.ph

Visit our Website www.urs.edu.ph/library